000
00333nam a2200157Ia 4500
003
OSt
005
20231120052101.0
008
170524s9999 xx 000 0 und d
020
_a
81-207-1956-5
040
_c
IIMT
100
_a
Khanna -Sangeeta
245
0
_a
Mithai
260
_b
Interling Pub
260
_c
2000
942
_2
ddc
_c
02
999
_c
6512
_d
6512